00391nam a22001337a 4500003000400000008004100004020001800045100004500063245002800108250001600136260003000152300005500182650002000237OSt200320b ||||| |||| 00| 0 eng d a9780323480543 aVinay Kumar, Abul K. Abbas, Jon C. Aster aRobbins Basic Pathology a10th (2018) aNew DelhibElsevier India aHardcover: 935 pages, Dimensions: 26 x 3.7 x 29 cm aPathophysiology